Historia de un pueblo (Record no. 231)

MARC details
000 -CABECERA
campo de control de longitud fija 00772nam a2200217 a 4500
001 - NÚMERO DE CONTROL
campo de control BRCA_287
005 - FECHA Y HORA DE LA ÚLTIMA TRANSACCIÓN
campo de control 20190320202939.0
008 - DATOS DE LONGITUD FIJA--INFORMACIÓN GENERAL
campo de control de longitud fija 930716s1992 mx-b---##b---s000-0#spa-#
041 ## - CÓDIGO DE LENGUA
Código de lengua del texto/banda sonora o título independiente spa
044 ## - CÓDIGO DEL PAÍS DE LA ENTIDAD EDITORA/PRODUCTORA
Código MARC del país mx
050 #4 - SIGNATURA TOPOGRÁFICA DE LA BIBLIOTECA DEL CONGRESO
Número de clasificación F1391.P8
Número de documento/Ítem .Q56 1992
100 1# - ENTRADA PRINCIPAL--NOMBRE DE PERSONA
Nombre de persona Landa Abrego, María Elena
9 (RLIN) 357
245 10 - MENCIÓN DE TÍTULO
Título Historia de un pueblo
Resto del título Nauzontla
Mención de responsabilidad, etc. María Elena Landa Abrego.
260 ## - PUBLICACIÓN, DISTRIBUCIÓN, ETC.
Lugar de publicación, distribución, etc. [Puebla]
Nombre del editor, distribuidor, etc. Gobierno del Estado de Puebla ; Comisión Puebla V Centenario
Fecha de publicación, distribución, etc. [1992]
300 ## - DESCRIPCIÓN FÍSICA
Extensión 185 p.
Otras características físicas il., mapas
Dimensiones 23 cm.
440 #0 - MENCIÓN DE SERIE/PUNTO DE ACCESO ADICIONAL--TÍTULO
Título Colección V Centenario
9 (RLIN) 963
504 ## - NOTA DE BIBLIOGRAFÍA, ETC.
Nota de bibliografía, etc. Bibliografía: p. 177-185
650 14 - PUNTO DE ACCESO ADICIONAL DE MATERIA--TÉRMINO DE MATERIA
Término de materia o nombre geográfico como elemento de entrada Tenencia de la tierra
Subdivisión de forma Fuentes
Subdivisión general Historia
Subdivisión geográfica México - Santa María Nauzontla
9 (RLIN) 964
651 #4 - PUNTO DE ACCESO ADICIONAL DE MATERIA--NOMBRE GEOGRÁFICO
Nombre geográfico Santa María Nauzontla (México)
Subdivisión de forma Fuentes
Subdivisión general Historia
9 (RLIN) 965
942 ## - ELEMENTOS DE PUNTO DE ACCESO ADICIONAL (KOHA)
Fuente del sistema de clasificación o colocación Library of Congress Classification
Tipo de ítem Koha Libros
Holdings
Estado de retiro Estado de pérdida Estado dañado No para préstamo Localización permanente Ubicación/localización actual Fecha de adquisición Total de préstamos Signatura topográfica completa Código de barras Fecha visto por última vez Precio válido a partir de Tipo de ítem Koha
El ejemplar forma parte de la colección y puede ser consultado según las políticas vigentes.       Biblioteca del Museo Franz Mayer (Rogerio Casas-Alatriste) Biblioteca del Museo Franz Mayer (Rogerio Casas-Alatriste) 25/06/2008   F1391.P8 .Q56 1992 00342 22/03/2019 22/03/2019 Libros